| 000 | 00973nam2a22002411 4500 | ||
|---|---|---|---|
| 001 | RU\NLR\INFOCOMM21\5000128398 | ||
| 005 | 20250617054521.0 | ||
| 035 | _a(NLR Aleph) 002497473 | ||
| 090 |
_a2562588 _c2562588 |
||
| 100 | _a20040409d2003 |||y0rusy50 ca | ||
| 101 | 0 | _arus | |
| 102 | _aRU | ||
| 105 | _ay ||||000|y | ||
| 200 | 0 | _a2003, Вып.1(30) | |
| 210 |
_d2003 _aБ. м. |
||
| 461 | 0 |
_1001RU\NLR\INFOCOMM55\1000029612 _12001#$aКосмонавтика и ракетостроение$dCosmonauties and rocket engineering$eНауч.-техн. журн.$zeng$v2003, Вып.1(30) _92295059 _cКалининград (Моск. обл.) _d1993 - _lCosmonautics and rocket engineering _nЦНИИмаш _oНауч.-техн. журн. _tКосмонавтика и ракетостроение _v2003, Вып.1(30) |
|
| 801 | 1 |
_aRU _bInfoComm _c20050907 |
|
| 801 | 0 |
_aRU _bNLR _gPSBO |
|
| 852 |
_aNLR _jП11/3685 |
||
| 942 | _cISSUE | ||
| 980 | _aNB | ||
| 980 | _aRUSPER | ||